[Event "Oberliga Ost-B 2122"]
[Site "Germany"]
[Date "2022.05.01"]
[Round "3.3"]
[White "Felgendreher, Heiko"]
[Black "Heinatz, Thomas"]
[Result "1/2-1/2"]
[WhiteElo "2163"]
[BlackElo "2307"]
[PlyCount "82"]
[EventDate "2021.10.10"]
[EventType "team-tourn"]
[EventRounds "11"]
[EventCountry "GER"]
[SourceTitle "EXT 2023"]
[Source "ChessBase"]
[SourceDate "2022.10.05"]
[SourceVersion "1"]
[SourceVersionDate "2022.10.05"]
[SourceQuality "1"]
[WhiteTeam "Moerlenbach Birkenau"]
[BlackTeam "Schoeneck"]
[WhiteTeamCountry "GER"]
[BlackTeamCountry "GER"]

1. e4 c5 2. Nf3 d6 3. d4 cxd4 4. Nxd4 Nf6 5. Nc3 g6 6. Bc4 Bg7 7. Be3 a6 8. f3 b5 9. Bb3 Nbd7 10. Qd2 h5 11. 0-0-0 Bb7 12. Kb1 Rc8 13. Nde2 Ne5 14. Rhf1 Qc7 15. a3 Nc4 16. Bxc4 Qxc4 17. Qd4 0-0 18. Qxc4 Rxc4 19. Rd4 Rc7 20. Rb4 Rfc8 21. a4 bxa4 22. Rxa4 Nd7 23. Ra1 Ne5 24. Rd1 Nc4 25. Bc1 a5 26. Nd4 Ra8 27. Ra2 Kh7 28. b3 Nb6 29. Na4 Nd7 30. c4 Be5 31. Be3 Ba6 32. Nc3 Rb8 33. Ncb5 Bxd4 34. Nxc7 Rxb3+ 35. Kc2 Rc3+ 36. Kd2 Bxc4 37. Ra4 Rd3+ 38. Kc2 Rc3+ 39. Kd2 Rd3+ 40. Kc2 Rc3+ 41. Kd2 Rd3+ 1/2-1/2

[Event "Oberliga Ost-B 1920"]
[Site "Germany"]
[Date "2019.09.29"]
[Round "1.3"]
[White "Dubiel, Jacek"]
[Black "Heinatz, Thomas"]
[Result "1/2-1/2"]
[WhiteElo "2417"]
[BlackElo "2312"]
[PlyCount "114"]
[EventDate "2019.09.29"]
[EventType "team-tourn"]
[EventRounds "11"]
[EventCountry "GER"]
[SourceTitle "EXT 2021"]
[Source "ChessBase"]
[SourceDate "2020.10.23"]
[SourceVersion "1"]
[SourceVersionDate "2020.10.23"]
[SourceQuality "1"]
[WhiteTeam "Oberursel"]
[BlackTeam "Schoeneck"]
[WhiteTeamCountry "GER"]
[BlackTeamCountry "GER"]

1. e4 c5 2. Nf3 d6 3. d4 cxd4 4. Nxd4 Nf6 5. Nc3 g6 6. Be3 Bg7 7. f3 Nbd7 8. g4 a6 9. Qd2 b5 10. h4 Bb7 11. h5 Rg8 12. a4 bxa4 13. Rxa4 Ne5 14. Be2 Qc7 15. h6 Bh8 16. g5 Nh5 17. Kf2 Qd7 18. Qd1 Rc8 19. Rb4 Nc6 20. Nxc6 Bxc3 21. bxc3 Bxc6 22. Bxa6 Ra8 23. Bf1 f5 24. Bh3 e6 25. Rd4 f4 26. Bc1 Ke7 27. c4 Qa7 28. Kg2 Qc5 29. Bg4 Ra1 30. Qd2 e5 31. Rd3 Ng3 32. Rd1 Rd8 33. Qc3 Rxc1 34. Rxc1 Ne2 35. Qd2 Nxc1 36. Qxc1 Qxc4 37. Qd2 Bb5 38. Rc3 Qf1+ 39. Kh2 Be2 40. Bh3 Qf2+ 41. Bg2 Rd7 42. Rb3 Ra7 43. Qc1 Qh4+ 44. Kg1 Qxg5 45. Qe1 Bc4 46. Rb8 Qxh6 47. Qb1 Be6 48. Rb7+ Rxb7 49. Qxb7+ Bd7 50. c4 Qh4 51. Kf1 Qg3 52. Qc7 Ke6 53. c5 dxc5 54. Qb6+ Kf7 55. Qc7 Ke6 56. Qb6+ Kf7 57. Qc7 Ke6 1/2-1/2

[Event "Oberliga Ost-B 1819"]
[Site "Germany"]
[Date "2019.04.07"]
[Round "11.4"]
[White "Heinatz, Thomas"]
[Black "George, Tom"]
[Result "1/2-1/2"]
[WhiteElo "2286"]
[BlackElo "2204"]
[PlyCount "122"]
[EventDate "2018.10.21"]
[EventType "team-tourn"]
[EventRounds "11"]
[EventCountry "GER"]
[SourceTitle "EXT 2020"]
[Source "ChessBase"]
[SourceDate "2019.10.17"]
[SourceVersion "1"]
[SourceVersionDate "2019.10.17"]
[SourceQuality "1"]
[WhiteTeam "Schoeneck"]
[BlackTeam "Stadtilm Blau Weiss"]
[WhiteTeamCountry "GER"]
[BlackTeamCountry "GER"]

1. e4 e5 2. Bc4 Nf6 3. d3 c6 4. Nf3 d5 5. Bb3 Bd6 6. Nc3 d4 7. Ne2 0-0 8. 0-0 a5 9. c3 c5 10. Ng3 Nc6 11. Nh4 Ne7 12. Bg5 Ng6 13. Nhf5 Nf4 14. cxd4 cxd4 15. Qf3 h6 16. Bxf4 exf4 17. Ne2 Bxf5 18. exf5 Qd7 19. Nxd4 a4 20. Bc4 Ra5 21. a3 Re8 22. Rae1 Rae5 23. Rxe5 Bxe5 24. Nc2 b5 25. Ba2 Qxf5 26. h3 Rc8 27. Bb1 Bxb2 28. Re1 g6 29. Qb7 Qd7 30. Re7 Qxb7 31. Rxb7 Rc5 32. d4 Bxd4 33. Nxd4 Rc1+ 34. Kh2 Rxb1 35. Rxb5 Rxb5 36. Nxb5 Ne4 37. f3 Nc5 38. Nc3 Kg7 39. Nd5 g5 40. h4 f6 41. Kh3 Kg6 42. Ne7+ Kf7 43. Nf5 h5 44. g3 Nd3 45. Kg2 fxg3 46. Kxg3 Nf4 47. Nd6+ Kg6 48. Ne4 Nd3 49. Kh3 Kf5 50. Kg3 g4 51. Nc3 Nc5 52. fxg4+ hxg4 53. h5 Kg5 54. h6 Kxh6 55. Kxg4 Kg6 56. Kf4 Nd3+ 57. Ke4 Nb2 58. Kf4 f5 59. Nd5 Nd3+ 60. Ke3 Nc5 61. Kf4 Nd3+ 1/2-1/2

[Event "Oberliga Ost-B 1819"]
[Site "Germany"]
[Date "2019.04.06"]
[Round "10.4"]
[White "Weishaeutel, Moritz"]
[Black "Heinatz, Thomas"]
[Result "1/2-1/2"]
[WhiteElo "2241"]
[BlackElo "2286"]
[PlyCount "84"]
[EventDate "2018.10.21"]
[EventType "team-tourn"]
[EventRounds "11"]
[EventCountry "GER"]
[SourceTitle "EXT 2020"]
[Source "ChessBase"]
[SourceDate "2019.10.17"]
[SourceVersion "1"]
[SourceVersionDate "2019.10.17"]
[SourceQuality "1"]
[WhiteTeam "Erfurt Empor"]
[BlackTeam "Schoeneck"]
[WhiteTeamCountry "GER"]
[BlackTeamCountry "GER"]

1. e4 c5 2. Nf3 Nc6 3. d4 cxd4 4. Nxd4 g6 5. c4 Bg7 6. Be3 Nf6 7. Nc3 d6 8. Be2 0-0 9. 0-0 Bd7 10. f3 Nxd4 11. Bxd4 a5 12. a3 a4 13. c5 e5 14. Be3 dxc5 15. Bxc5 Re8 16. Be3 Qa5 17. Qe1 Bc6 18. Qf2 Nd7 19. Rfd1 Rac8 20. Nd5 Bf8 21. Rac1 Bxd5 22. Rxc8 Rxc8 23. Rxd5 Qc7 24. Bb5 Nc5 25. h4 h5 26. Kh2 b6 27. Qd2 Qe7 28. Bg5 Qc7 29. Bf6 Bg7 30. Rd8+ Kh7 31. Be7 Qxe7 32. Rxc8 Qxh4+ 33. Kg1 Bh6 34. Qf2 Qf4 35. Rc7 Qc1+ 36. Qf1 Be3+ 37. Kh1 Qxb2 38. Rxf7+ Kh6 39. Rf6 Kg5 40. Rxb6 Nxe4 41. Rxg6+ Kxg6 42. fxe4 Qc1 1/2-1/2

[Event "Oberliga Ost-B 1819"]
[Site "Germany"]
[Date "2019.02.03"]
[Round "7.3"]
[White "Jakob, Matthias"]
[Black "Heinatz, Thomas"]
[Result "1/2-1/2"]
[WhiteElo "2104"]
[BlackElo "2286"]
[PlyCount "93"]
[EventDate "2018.10.21"]
[EventType "team-tourn"]
[EventRounds "11"]
[EventCountry "GER"]
[SourceTitle "EXT 2020"]
[Source "ChessBase"]
[SourceDate "2019.10.17"]
[SourceVersion "1"]
[SourceVersionDate "2019.10.17"]
[SourceQuality "1"]
[WhiteTeam "Erfurt Medizin"]
[BlackTeam "Schoeneck"]
[WhiteTeamCountry "GER"]
[BlackTeamCountry "GER"]

1. d4 Nf6 2. Bf4 d6 3. Nc3 Nbd7 4. Nf3 c6 5. Qd2 b5 6. a3 Bb7 7. e4 Nh5 8. Be3 Qc7 9. Be2 Nhf6 10. 0-0 e5 11. Nh4 g6 12. f4 Be7 13. Qe1 a6 14. Qf2 exd4 15. Bxd4 c5 16. Be3 Bxe4 17. Rae1 d5 18. Bf3 0-0 19. Nxe4 dxe4 20. Bd1 Bd6 21. g3 Rad8 22. f5 Be5 23. c3 Kg7 24. Qg2 h6 25. fxg6 fxg6 26. Qh3 h5 27. Nxg6 Kxg6 28. Qf5+ Kf7 29. Bxh5+ Ke7 30. Bg5 Kd6 31. Bg6 Kc6 32. Rd1 Kb7 33. Qe6 Ka7 34. Bxe4 Rde8 35. Qc6 Bxg3 36. Bxf6 Bxh2+ 37. Kh1 Qxc6 38. Bxc6 Nxf6 39. Bxe8 Be5 40. Bc6 Rh8+ 41. Kg1 Ng4 42. Rde1 Rg8 43. Bd5 Rg5 44. Rf7+ Kb6 45. Rb7+ Ka5 46. Kf1 Rf5+ 47. Kg2 1/2-1/2

[Event "Oberliga Ost-B 1718"]
[Site "Germany"]
[Date "2018.01.21"]
[Round "5.3"]
[White "Grafl, Florian"]
[Black "Heinatz, Thomas"]
[Result "1-0"]
[WhiteElo "2364"]
[BlackElo "2276"]
[PlyCount "65"]
[EventDate "2017.10.22"]
[EventType "team-tourn"]
[EventRounds "11"]
[EventCountry "GER"]
[SourceTitle "EXT 2019"]
[Source "ChessBase"]
[SourceDate "2018.10.10"]
[SourceVersion "1"]
[SourceVersionDate "2018.10.10"]
[SourceQuality "1"]
[WhiteTeam "Kassel"]
[BlackTeam "Schoeneck"]
[WhiteTeamCountry "GER"]
[BlackTeamCountry "GER"]

1. Nc3 d5 2. e4 dxe4 3. Nxe4 Nd7 4. Bc4 Ndf6 5. Qf3 e6 6. d3 Nxe4 7. dxe4 Qd4 8. Bb5+ c6 9. c3 Qf6 10. Bd3 Qxf3 11. Nxf3 Nf6 12. Bg5 Nd7 13. e5 h6 14. Bh4 g5 15. Bg3 Bg7 16. h3 h5 17. Nxg5 h4 18. Bh2 Nxe5 19. Be2 Bd7 20. 0-0 c5 21. f4 Ng6 22. Ne4 b6 23. f5 exf5 24. Nd6+ Kf8 25. Bc4 Be5 26. Nxf7 Bxh2+ 27. Kxh2 Rh5 28. Rad1 Ba4 29. b3 Bc6 30. Rd6 Ne7 31. Ne5 Be4 32. Rf6+ Ke8 33. Bf7+ 1-0

[Event "BL2-Sued 1617"]
[Site "Germany"]
[Date "2017.04.23"]
[Round "8.5"]
[White "Balcerak, Jakob"]
[Black "Heinatz, Thomas"]
[Result "1-0"]
[WhiteElo "2454"]
[BlackElo "2278"]
[PlyCount "69"]
[EventDate "2016.10.16"]
[EventType "team-tourn"]
[EventRounds "9"]
[EventCountry "GER"]
[SourceTitle "EXT 2018"]
[Source "ChessBase"]
[SourceDate "2017.10.13"]
[SourceVersion "1"]
[SourceVersionDate "2017.10.13"]
[SourceQuality "1"]
[WhiteTeam "Schott Mainz"]
[BlackTeam "Schoeneck"]
[WhiteTeamCountry "GER"]
[BlackTeamCountry "GER"]

1. d4 Nf6 2. c4 g6 3. Nc3 Bg7 4. e4 d6 5. f3 0-0 6. Be3 Nbd7 7. Nge2 c5 8. d5 Ne5 9. Ng3 h5 10. Be2 h4 11. Nf1 a6 12. Nd2 e6 13. a4 Re8 14. 0-0 exd5 15. cxd5 Rb8 16. h3 Nh7 17. f4 Nd7 18. Bd3 f5 19. Bf2 Ndf8 20. exf5 Bxf5 21. Bxf5 gxf5 22. Qh5 Qd7 23. Bxh4 b5 24. axb5 axb5 25. Rae1 Nf6 26. Bxf6 Bxf6 27. Nf3 b4 28. Nd1 c4 29. Nh4 Bxh4 30. Qxh4 c3 31. bxc3 b3 32. Qg5+ Kf7 33. Nb2 Ng6 34. Kh2 Rh8 35. Re6 1-0

[Event "BL2-Sued 1617"]
[Site "Germany"]
[Date "2017.01.15"]
[Round "4.5"]
[White "Plenca, Jadranko"]
[Black "Heinatz, Thomas"]
[Result "1/2-1/2"]
[WhiteElo "2424"]
[BlackElo "2278"]
[PlyCount "114"]
[EventDate "2016.10.16"]
[EventType "team-tourn"]
[EventRounds "9"]
[EventCountry "GER"]
[SourceTitle "EXT 2018"]
[Source "ChessBase"]
[SourceDate "2017.10.13"]
[SourceVersion "1"]
[SourceVersionDate "2017.10.13"]
[SourceQuality "1"]
[WhiteTeam "Schoenaich"]
[BlackTeam "Schoeneck"]
[WhiteTeamCountry "GER"]
[BlackTeamCountry "GER"]

1. e4 c5 2. Nf3 d6 3. Bb5+ Nd7 4. d4 cxd4 5. Qxd4 Ngf6 6. 0-0 e5 7. Qd3 Be7 8. Bg5 0-0 9. Nc3 Nc5 10. Qe3 Be6 11. Rfd1 Ng4 12. Qd2 f6 13. Be3 Rc8 14. Bxc5 Rxc5 15. Ba4 Qc8 16. Bb3 f5 17. exf5 Rxf5 18. Qe2 Rf4 19. Rd4 Rxd4 20. Nxd4 Bxb3 21. Nxb3 Rc6 22. Na5 Ra6 23. Nd5 Bh4 24. b4 Kh8 25. g3 Bd8 26. Nxb7 Qxb7 27. Qxg4 Qxd5 28. Qc8 Rc6 29. Qxd8+ Qg8 30. Qd7 Qc8 31. Qxa7 Rxc2 32. b5 h6 33. Rd1 Qc4 34. Qb8+ Kh7 35. Qxd6 Qxb5 36. Qe6 Qc6 37. Qf5+ Qg6 38. Qxg6+ Kxg6 39. Rd6+ Kf5 40. Ra6 h5 41. a4 Ra2 42. h4 g5 43. hxg5 Kxg5 44. Ra8 e4 45. a5 e3 46. fxe3 Kg4 47. Rg8+ Kf3 48. Rg5 Rg2+ 49. Kh1 Re2 50. a6 Ra2 51. Rg6 Kxe3 52. Rf6 Ke4 53. Kg1 Ke5 54. Rh6 Kf5 55. Rxh5+ Kg4 56. Rh8 Rxa6 57. Rg8+ Kf3 1/2-1/2

[Event "BL2-West 1415"]
[Site "Germany"]
[Date "2014.12.07"]
[Round "4.5"]
[White "Popovic, Petar"]
[Black "Heinatz, Thomas"]
[Result "1-0"]
[WhiteElo "2467"]
[BlackElo "2347"]
[PlyCount "67"]
[EventDate "2014.09.21"]
[EventType "team-tourn"]
[EventRounds "9"]
[EventCountry "GER"]
[SourceTitle "CBM 166 Extra"]
[Source "ChessBase"]
[SourceDate "2015.06.18"]
[SourceVersion "1"]
[SourceVersionDate "2015.06.18"]
[SourceQuality "1"]
[WhiteTeam "Aachen Aufwaerts"]
[BlackTeam "Schoeneck"]
[WhiteTeamCountry "GER"]
[BlackTeamCountry "GER"]

1. e4 c5 2. Nf3 d6 3. d4 cxd4 4. Nxd4 Nf6 5. Nc3 g6 6. g3 Bg7 7. Bg2 0-0 8. h3 Nc6 9. Be3 Bd7 10. Nde2 Rb8 11. a4 a6 12. 0-0 b5 13. axb5 axb5 14. Nd5 Ne8 15. Ra2 e6 16. Ndf4 Qc8 17. Nd3 b4 18. b3 Nc7 19. Bd2 d5 20. Nc5 Be8 21. Nf4 Rb5 22. exd5 Nxd5 23. Nxd5 exd5 24. Nd3 Bd7 25. Kh2 Bf5 26. Ra4 Qb7 27. Be3 Rd8 28. g4 Be4 29. f3 Bxd3 30. Qxd3 d4 31. Bf2 Rc5 32. f4 Qc7 33. Qe4 Rxc2 34. Qxc2 1-0

[Event "BL2-West 1415"]
[Site "Germany"]
[Date "2014.11.09"]
[Round "3.5"]
[White "Heinatz, Thomas"]
[Black "Krieg, Nikolaj"]
[Result "0-1"]
[WhiteElo "2347"]
[BlackElo "2339"]
[PlyCount "66"]
[EventDate "2014.09.21"]
[EventType "team-tourn"]
[EventRounds "9"]
[EventCountry "GER"]
[SourceTitle "CBM 166 Extra"]
[Source "ChessBase"]
[SourceDate "2015.06.18"]
[SourceVersion "1"]
[SourceVersionDate "2015.06.18"]
[SourceQuality "1"]
[WhiteTeam "Schoeneck"]
[BlackTeam "Solingen II"]
[WhiteTeamCountry "GER"]
[BlackTeamCountry "GER"]

1. e4 c5 2. Nf3 d6 3. d4 cxd4 4. Nxd4 Nf6 5. Nc3 a6 6. Be3 e6 7. Be2 Nbd7 8. f4 b5 9. Bf3 Bb7 10. e5 Bxf3 11. Qxf3 b4 12. Nc6 Qc8 13. Nxb4 dxe5 14. Nd3 exf4 15. Bxf4 Be7 16. 0-0 0-0 17. Rae1 Ra7 18. Kh1 Qb7 19. Qh3 Qc6 20. Bg5 Rb7 21. Qh4 Re8 22. Re3 Bd8 23. Rg3 e5 24. Bh6 g6 25. Bg5 e4 26. Nf4 Rxb2 27. Rh3 Re5 28. Rd1 h5 29. Rg3 Rxc2 30. Nxg6 fxg6 31. Bxf6 Bxf6 32. Rxg6+ Kf7 33. Rxd7+ Kxg6 0-1

[Event "BL2-Sued 1314"]
[Site "Germany"]
[Date "2014.03.16"]
[Round "8.6"]
[White "Zude, Erik"]
[Black "Heinatz, Thomas"]
[Result "1-0"]
[WhiteElo "2363"]
[BlackElo "2352"]
[PlyCount "53"]
[EventDate "2013.10.13"]
[EventType "team-tourn"]
[EventRounds "9"]
[EventCountry "GER"]
[SourceTitle "EXT 2015"]
[Source "ChessBase"]
[SourceDate "2014.11.20"]
[SourceVersion "1"]
[SourceVersionDate "2014.11.20"]
[SourceQuality "1"]
[WhiteTeam "Hofheim"]
[BlackTeam "Schoeneck"]
[WhiteTeamCountry "GER"]
[BlackTeamCountry "GER"]

1. Nf3 c5 2. c4 Nc6 3. Nc3 Nf6 4. g3 e5 5. Bg2 Be7 6. 0-0 0-0 7. Ne1 a6 8. Nc2 b5 9. d3 Rb8 10. Ne3 Re8 11. Ned5 Nxd5 12. Nxd5 Bf8 13. b3 Nd4 14. e3 Nf5 15. f4 d6 16. Be4 bxc4 17. dxc4 g6 18. Bb2 Bg7 19. Qd2 Bd7 20. Bc3 exf4 21. Rxf4 Be5 22. Bxf5 Bxf5 23. e4 Bxf4 24. Qxf4 Rxe4 25. Qh6 Re5 26. Rf1 f6 27. Bxe5 1-0

[Event "BL2-Sued 1213"]
[Site "Germany"]
[Date "2013.02.24"]
[Round "7.5"]
[White "Gasthofer, Viktor"]
[Black "Heinatz, Thomas"]
[Result "1/2-1/2"]
[WhiteElo "2317"]
[BlackElo "2331"]
[PlyCount "54"]
[EventDate "2012.10.14"]
[EventType "team-tourn"]
[EventRounds "9"]
[EventCountry "GER"]
[SourceTitle "CBM 154 Extra"]
[Source "ChessBase"]
[SourceDate "2013.06.25"]
[SourceVersion "2"]
[SourceVersionDate "2013.06.25"]
[SourceQuality "1"]
[WhiteTeam "Bad Mergentheim"]
[BlackTeam "Schoeneck"]
[WhiteTeamCountry "GER"]
[BlackTeamCountry "GER"]

1. c4 c5 2. Nf3 Nc6 3. d4 cxd4 4. Nxd4 e6 5. Nc3 Bb4 6. Ndb5 Nf6 7. Bf4 0-0 8. Bc7 Qe7 9. Bd6 Bxd6 10. Qxd6 Ne8 11. Qxe7 Nxe7 12. 0-0-0 a6 13. Nd6 Nxd6 14. Rxd6 b5 15. e4 b4 16. Na4 Ra7 17. Bd3 Rd8 18. Nb6 a5 19. Bc2 Rc7 20. Rhd1 g5 21. Ba4 Ng6 22. Bxd7 Bxd7 23. Rxd7 Rdxd7 24. Rxd7 Rc6 25. Rd8+ Kg7 26. Rb8 Ne5 27. b3 Nd3+ 1/2-1/2

[Event "BL2-Sued 1213"]
[Site "Germany"]
[Date "2013.02.03"]
[Round "6.4"]
[White "Mutschnik, Illya"]
[Black "Heinatz, Thomas"]
[Result "1/2-1/2"]
[WhiteElo "2452"]
[BlackElo "2331"]
[PlyCount "96"]
[EventDate "2012.10.14"]
[EventType "team-tourn"]
[EventRounds "9"]
[EventCountry "GER"]
[SourceTitle "CBM 154 Extra"]
[Source "ChessBase"]
[SourceDate "2013.06.25"]
[SourceVersion "2"]
[SourceVersionDate "2013.06.25"]
[SourceQuality "1"]
[WhiteTeam "Baden-Baden II"]
[BlackTeam "Schoeneck"]
[WhiteTeamCountry "GER"]
[BlackTeamCountry "GER"]

1. e4 c5 2. Nf3 e6 3. d4 cxd4 4. Nxd4 Nc6 5. Nc3 Qc7 6. Be3 a6 7. Qd2 Nf6 8. 0-0-0 Bb4 9. f3 0-0 10. g4 b5 11. g5 Ne8 12. Kb1 Bb7 13. Nxc6 Bxc6 14. h4 f5 15. gxf6 Rxf6 16. Rh3 Rc8 17. h5 Ba5 18. Bd3 Bb7 19. Rg1 Bxc3 20. bxc3 e5 21. f4 d6 22. h6 Qxc3 23. Qxc3 Rxc3 24. hxg7 Rc7 25. Rxh7 Rxg7 26. Rhxg7+ Nxg7 27. f5 Kh7 28. Bg5 Rf7 29. Rh1+ Kg8 30. Rg1 Kh7 31. a4 Bc6 32. Kb2 Ne8 33. axb5 Bxb5 34. Bh4 Rb7 35. Kc3 Bxd3 36. cxd3 Nc7 37. Kc4 a5 38. Be1 Rb5 39. f6 Rc5+ 40. Kb3 Ne6 41. Bf2 Rc8 42. Be3 Rg8 43. Rxg8 Kxg8 44. Ka4 Kf7 45. Kxa5 Nf4 46. Kb5 Nxd3 47. Kc6 Kxf6 48. Kxd6 Nb2 1/2-1/2

[Event "BL2-Sued 1213"]
[Site "Germany"]
[Date "2012.11.25"]
[Round "3.6"]
[White "Heinatz, Thomas"]
[Black "Kvetny, Mark"]
[Result "1-0"]
[WhiteElo "2331"]
[BlackElo "2245"]
[PlyCount "79"]
[EventDate "2012.10.14"]
[EventType "team-tourn"]
[EventRounds "9"]
[EventCountry "GER"]
[SourceTitle "CBM 154 Extra"]
[Source "ChessBase"]
[SourceDate "2013.06.25"]
[SourceVersion "2"]
[SourceVersionDate "2013.06.25"]
[SourceQuality "1"]
[WhiteTeam "Schoeneck"]
[BlackTeam "Stuttgart"]
[WhiteTeamCountry "GER"]
[BlackTeamCountry "GER"]

1. e4 c5 2. Nf3 e6 3. d4 cxd4 4. Nxd4 Nf6 5. Nc3 Nc6 6. Nxc6 bxc6 7. e5 Nd5 8. Ne4 Qc7 9. f4 f5 10. exf6 gxf6 11. Qh5+ Kd8 12. Qf3 Be7 13. a3 f5 14. Nf2 Bb7 15. c4 Nf6 16. Bd2 c5 17. Qe3 Rg8 18. Rg1 Ne4 19. Nxe4 Bxe4 20. Bc3 Qb7 21. 0-0-0 Ke8 22. Qh3 Qb8 23. Be5 d6 24. Qxh7 Qb3 25. Rd2 Rf8 26. Bc3 Rb8 27. Qh3 Qxa3 28. Kd1 Qa4+ 29. Ke1 Qc6 30. Kf2 Kd7 31. Be2 Rg8 32. g3 Rbf8 33. Ra1 Qb7 34. Re1 Rg6 35. Bd3 Kc7 36. Qh7 Kd8 37. Bxe4 fxe4 38. Qxg6 Rxf4+ 39. gxf4 Bh4+ 40. Ke3 1-0

[Event "BL2-West 1112"]
[Site "Germany"]
[Date "2012.03.18"]
[Round "8.5"]
[White "Heinatz, Thomas"]
[Black "Lemmers, Oscar"]
[Result "1-0"]
[WhiteElo "2321"]
[BlackElo "2382"]
[PlyCount "79"]
[EventDate "2011.10.02"]
[EventType "team-tourn"]
[EventRounds "9"]
[EventCountry "GER"]
[SourceTitle "EXT 2015"]
[Source "ChessBase"]
[SourceDate "2014.11.20"]
[SourceVersion "1"]
[SourceVersionDate "2014.11.20"]
[SourceQuality "1"]
[WhiteTeam "Schoeneck"]
[BlackTeam "Aachen"]
[WhiteTeamCountry "GER"]
[BlackTeamCountry "GER"]

1. e4 c5 2. Nf3 e6 3. d4 cxd4 4. Nxd4 a6 5. Nc3 Qc7 6. Bd3 Nf6 7. 0-0 Bc5 8. Nb3 Be7 9. a4 b6 10. f4 d6 11. e5 Nfd7 12. exd6 Bxd6 13. Ne4 Be7 14. f5 exf5 15. Bf4 Ne5 16. Nc3 Bd6 17. Nd5 Qc6 18. Bxf5 Bxf5 19. Bxe5 Bxe5 20. Rxf5 Qe6 21. Qh5 Nd7 22. Re1 0-0-0 23. Qxf7 Qxf7 24. Rxf7 Rhe8 25. Ne7+ Kc7 26. Rd1 Rf8 27. Nd5+ Kc8 28. Re7 Rfe8 29. Rf7 Rf8 30. Rxf8 Rxf8 31. c3 Rf7 32. Nd4 Kb7 33. Ne6 Kc8 34. b4 Bf6 35. g3 b5 36. a5 Be7 37. Kg2 Nf8 38. Nxe7+ Rxe7 39. Rd8+ Kb7 40. Nc5+ 1-0

[Event "BL2-West 1112"]
[Site "Germany"]
[Date "2012.02.26"]
[Round "7.6"]
[White "Heinatz, Thomas"]
[Black "Nagel, Bernhard"]
[Result "1-0"]
[WhiteElo "2321"]
[BlackElo "2277"]
[PlyCount "135"]
[EventDate "2011.10.02"]
[EventType "team-tourn"]
[EventRounds "9"]
[EventCountry "GER"]
[SourceTitle "EXT 2015"]
[Source "ChessBase"]
[SourceDate "2014.11.20"]
[SourceVersion "1"]
[SourceVersionDate "2014.11.20"]
[SourceQuality "1"]
[WhiteTeam "Schoeneck"]
[BlackTeam "Wiesbaden"]
[WhiteTeamCountry "GER"]
[BlackTeamCountry "GER"]

1. e4 e5 2. Nf3 Nc6 3. Bb5 Nf6 4. d3 Bc5 5. c3 Qe7 6. 0-0 a6 7. Bxc6 dxc6 8. d4 Bd6 9. dxe5 Bxe5 10. Nxe5 Qxe5 11. f3 Qc5+ 12. Qd4 Qxd4+ 13. cxd4 Be6 14. Nc3 0-0-0 15. Rd1 Rhe8 16. Bg5 h6 17. Bxf6 gxf6 18. Kf2 f5 19. d5 cxd5 20. exd5 Bd7 21. Rd4 Rg8 22. Re1 Rg6 23. Re7 Rf8 24. g3 Kd8 25. Re2 Re8 26. Rxe8+ Kxe8 27. Rb4 b5 28. Rd4 a5 29. a3 Ke7 30. Ke3 Kd6 31. Rh4 Ke5 32. b4 axb4 33. axb4 Rf6 34. Rh5 c6 35. Ne4 Rg6 36. Nc5 Bc8 37. Nd3+ Kd6 38. dxc6 Rf6 39. Kd4 Kxc6 40. Ne5+ Kb6 41. Rh4 Rd6+ 42. Ke3 Rf6 43. Rd4 Be6 44. Rd6+ Kc7 45. Rc6+ Kb7 46. Kd4 h5 47. Kc5 f4 48. Rb6+ Kc7 49. Rxb5 fxg3 50. hxg3 Rf5 51. Kd4 Rg5 52. Rc5+ Kb7 53. Nxf7 Rg8 54. Nd6+ Kb8 55. Ne4 Bf7 56. Rg5 Rh8 57. Rg7 Ba2 58. Nc5 h4 59. gxh4 Rxh4+ 60. Rg4 Rh3 61. Rf4 Kc7 62. Rf6 Rh1 63. b5 Rb1 64. Rc6+ Kb8 65. b6 Rd1+ 66. Ke3 Rd8 67. Rc7 Re8+ 68. Kf2 1-0

[Event "BL2-West 1112"]
[Site "Germany"]
[Date "2011.12.11"]
[Round "4.5"]
[White "Heinatz, Thomas"]
[Black "Schneider, Bernd"]
[Result "1/2-1/2"]
[WhiteElo "2321"]
[BlackElo "2424"]
[PlyCount "28"]
[EventDate "2011.10.02"]
[EventType "team-tourn"]
[EventRounds "9"]
[EventCountry "GER"]
[SourceTitle "EXT 2015"]
[Source "ChessBase"]
[SourceDate "2014.11.20"]
[SourceVersion "1"]
[SourceVersionDate "2014.11.20"]
[SourceQuality "1"]
[WhiteTeam "Schoeneck"]
[BlackTeam "Bochum"]
[WhiteTeamCountry "GER"]
[BlackTeamCountry "GER"]

1. e4 g6 2. d4 Bg7 3. Nc3 d6 4. Be3 Nc6 5. Nf3 Bg4 6. Be2 Nf6 7. 0-0 0-0 8. Qd3 Nd7 9. Nd2 Bxe2 10. Nxe2 e5 11. c3 a6 12. f4 exf4 13. Nxf4 Nf6 14. Kh1 Qd7 1/2-1/2

[Event "Oberliga Wuerttemberg 0910"]
[Site "Wuerttemberg"]
[Date "2009.10.11"]
[Round "1.4"]
[White "Heinatz, Thomas"]
[Black "Weber, Klaus"]
[Result "1/2-1/2"]
[WhiteElo "2282"]
[BlackElo "2063"]
[PlyCount "85"]
[EventDate "2009.10.11"]
[EventType "team-tourn"]
[EventRounds "9"]
[EventCountry "GER"]
[SourceTitle "EXT 2019"]
[Source "ChessBase"]
[SourceDate "2018.10.10"]
[SourceVersion "1"]
[SourceVersionDate "2018.10.10"]
[SourceQuality "1"]
[WhiteTeam "Rommelshausen"]
[BlackTeam "Tuebingen"]
[WhiteTeamCountry "GER"]
[BlackTeamCountry "GER"]

1. e4 e6 2. d4 d5 3. Nc3 Nf6 4. Bg5 Bb4 5. e5 h6 6. Bd2 Nfd7 7. Qg4 Bf8 8. Nf3 a6 9. Be2 c5 10. dxc5 Nc6 11. 0-0 Nxc5 12. Rad1 Nd7 13. Qg3 b5 14. Rfe1 b4 15. Na4 Nb6 16. Nxb6 Qxb6 17. c4 bxc3 18. bxc3 Bb7 19. Be3 Qc7 20. Rb1 Ne7 21. Nd4 g6 22. Bg4 Bc8 23. h4 Bg7 24. Bf4 Rb8 25. Rxb8 Qxb8 26. Qe3 Qc7 27. Nf3 Nc6 28. Rb1 Na5 29. Nd2 Bf8 30. Be2 Bc5 31. Qg3 Be7 32. c4 g5 33. Be3 Nc6 34. cxd5 exd5 35. Nb3 Qxe5 36. Qxe5 Nxe5 37. hxg5 hxg5 38. Rd1 Nc4 39. Bc5 Be6 40. Bf3 Bxc5 41. Nxc5 Nb6 42. Nxa6 Ke7 43. Nb4 1/2-1/2